Pentacoordinated phosphorus /
Na minha lista:
| Autor principal: | |
|---|---|
| Formato: | Livro |
| Idioma: | inglês |
| Publicado em: |
Washington, D.C.
American Chemical Society
1980.
|
| Colecção: | ACS monograph ;
175-176. |
| Assuntos: | |
| Acesso em linha: | View in OPAC |
| Tags: |
Sem tags, seja o primeiro a adicionar uma tag!
|
MARC
| LEADER | 00000cam a2200000 i 4500 | ||
|---|---|---|---|
| 005 | 20260127134259.0 | ||
| 008 | 171201s1980 dcua b 001 0 eng | ||
| 010 | |a 80-026302 | ||
| 020 | |a 0841204586 |q (v. 1) | ||
| 020 | |a 0841205280 |q (v. 2) | ||
| 035 | |a vtls001520916 | ||
| 035 | |a (DLC) 80026302 | ||
| 035 | |a ()4663691 | ||
| 039 | 9 | |a 201712011415 |b VLOAD |c 200503231339 |d mschk03 |y 200503230917 |z mschk03 | |
| 040 | |a DLC |c DLC |d DLC | ||
| 050 | 0 | 0 | |a QD181.P1 |b H64 |
| 082 | 0 | 0 | |a 546/.7122 |2 19 |
| 100 | 1 | |a Holmes, Robert Richard, |d 1928- | |
| 245 | 1 | 0 | |a Pentacoordinated phosphorus / |c Robert R. Holmes. |
| 260 | |a Washington, D.C. |b American Chemical Society |c 1980. | ||
| 300 | |a 2 v. |b ill. |c 24 cm. | ||
| 490 | 1 | |a ACS monograph ; |v 175-176 |x 0065-7719 | |
| 504 | |a Includes bibliographical references and index. | ||
| 505 | 0 | |a v. 1. Structure and spectroscopy.--v. 2. Reaction mechanisms. | |
| 650 | 0 | |a Phosphorus compounds. | |
| 650 | 0 | |a Coordination compounds. | |
| 830 | 0 | |a ACS monograph ; |v 175-176. | |
| 906 | |a 7 |b cbc |c orignew |d u |e ocip |f 19 |g y-gencatlg | ||
| 991 | |b c-GenColl |h QD181.P1 |i H64 |t Copy 1 |w BOOKS | ||
| 999 | |c 8634 |d 8634 | ||